Angličtina pro 11. postupný ročník všeobecně vzdělávacích škol /

Hlavní autor: Hrozienčíková, Lívia
Další autoři: Šimko, Ján, 1920-, Šimková, Libuše
Jazyk: Čeština
Angličtina
Vydáno: Praha : Státní pedagogické nakladatelství, 1956
Vydání: 2. vyd.
Fyzický popis: 197 s. : noty ; 8°
Knihy
Uloženo v:
LEADER 01020nam a22002772a 4500
001 001441332
003 CZ BrMZK
005 20141203114236.0
007 ta
008 141203s1956 xr g er|||||||||||cze d
015 |a cnb000722959 
035 |a (OCoLC)85445422 
040 |a ABA001  |b cze  |c BOA001  |d ABA001  |d BOA001 
041 0 |a cze  |a eng 
100 1 |a Hrozienčíková, Lívia  |7 jx20051227012  |4 aut 
245 1 0 |a Angličtina pro 11. postupný ročník všeobecně vzdělávacích škol /  |c zpracovali Livia Hrozienčíková, Ján Šimko a Libuše Šimková za red. Jiřiny W. Dunowské 
250 |a 2. vyd. 
260 |a Praha :  |b Státní pedagogické nakladatelství,  |c 1956 
300 |a 197 s. :  |b noty ;  |c 8° 
500 |a Obsahuje rejstřík 
700 1 |a Šimko, Ján,  |d 1920-  |7 jx20041119007  |4 aut 
700 1 |a Šimková, Libuše  |7 xx0104380  |4 aut 
910 |a BOA001  |b 2-0345.393-56 
990 |a BK 
991 |b 201412 
996 6 |b 2618980262  |c 2-0345.393-56  |l MZK  |r Sklad / do 24 hodin  |n 0  |w 001476197  |u 000010  |a 1  |e BOA001  |j MZK50  |s P